Aplikácia metód viackriteriálnej analýzy pri riadení podniku diplomová práca

Salvato in:
Dettagli Bibliografici
Autore principale: Marcinko, Rastislav
Ente Autore: Podnikovohospodárska fakulta EU so sídlom v Košiciach. Katedra kvantitatívnych metód
Altri autori: Coroničová Hurajová, Jana, 1986-
Natura: Libro
Lingua:slovacco
Pubblicazione: Košice 2023
Tags: Aggiungi Tag
Nessun Tag, puoi essere il primo ad aggiungerne!!

MARC

LEADER 00000nbm a2200000 4500
001 0292897
005 20240408101030.2
041 0 |a slo 
044 |a SK 
245 1 0 |a Aplikácia metód viackriteriálnej analýzy pri riadení podniku  |b diplomová práca  |c Rastislav Marcinko ; školiteľ: Jana Coroničová Hurajová 
264 1 |a Košice  |c 2023 
300 |a 66 s. 
100 1 |a Marcinko, Rastislav 
700 1 |a Coroničová Hurajová, Jana, 1986- 
710 2 |a Podnikovohospodárska fakulta EU so sídlom v Košiciach. Katedra kvantitatívnych metód